000 00674nam a2200229 a 4500
001 BRCA_498
005 20190320203033.0
008 050513s2004 enka---##b---#000-0#eng-d
020 _a0714150223
040 _aMoSR
_cMoSR
_dDLC
050 4 _aNK4653.P7
_b.W35 2004
100 1 _aWalker, Susan
_91711
245 1 0 _aThe Portland Vase
_cSusan Walker.
260 _aLondres
_bThe British Museum Press
_c2004
300 _a64 p.
_bil. a color, mapas
_c21 cm.
440 0 _aBritish Museum Objects in Focus
_91712
504 _aBibliografĂ­a : p. 64
650 1 4 _aVasos romanos
_91713
650 1 4 _aCristalerĂ­a romana
_91714
650 1 4 _aVasos
_zInglaterra
_91715
942 _2lcc
_cB
999 _c431
_d431